000 01093nam2a2200241 4500
001 rc\2877077
005 20260315052108.0
035 _a(NLR Aleph) 007030128
090 _a13584351
_c13584351
100 _a20110717d1931 u y0rusy50 ca
101 0 _arus
102 _aRU
105 _ay z |||||
200 0 _aВып. 1
210 _d1931
215 _a180 с.
320 _aБиблиогр.: "Литература" к каждому заданию
461 0 _1001rc\2877076
_12000#$aРабочая книга по истории ВКП(б) ...$eВып. 1-$fИ. Гаркуш$gПод ред. Ст. Кривцова$gВсес. заоч. ин-т фин.-экон. и счетных наук Наркомфина СССР и ОРУ$vВып. 1
_1700#1$aГаркуш$bИ.$gИлья
_95994997
_aГаркуш, И.
_cМосква
_d1931
_fИ. Гаркуш
_nГос. фин. изд-во СССР
_oВып. 1-
_tРабочая книга по истории ВКП(б) ...
_vВып. 1
801 0 _aRU
_bNLR
_gpsbo
801 1 _aRU
_bELAR
_2rusmarc
852 _aNLR
_j31-17/283
942 _cUNSPEC
980 _aNB